Biochemicals organic compounds for research and diagnostic reagents

Đã lưu trong:
书目详细资料
格式: 图书
语言:Undetermined
出版: USA Sigma chemical company 1989
主题:
标签: 添加标签
没有标签, 成为第一个标记此记录!
Thư viện lưu trữ: Trung tâm Học liệu Trường Đại học Cần Thơ
LEADER 00446nam a2200157Ia 4500
001 CTU_160539
008 210402s9999 xx 000 0 und d
082 |a 547 
082 |b B615 
245 0 |a Biochemicals organic compounds for research and diagnostic reagents 
260 |a USA 
260 |b Sigma chemical company 
260 |c 1989 
650 |a Organic compounds 
904 |i Giang 
980 |a Trung tâm Học liệu Trường Đại học Cần Thơ